| Поле | Название | Значение |
| |
Тип записи |
a |
| |
Библиографический уровень |
m |
| 001 |
Контрольный номер |
3ecd426080284f74a51065e2535c18c0 |
| 005 |
Дата корректировки |
20160224153523.2 |
| 010 |
Индекс ISBN |
__ |
| a |
ISBN |
978-5-406-03738-6 |
| 101 |
Язык документа |
0_ |
| a |
Язык текста |
rus |
| 102 |
Страна публикации |
__ |
| a |
Страна публикации |
RU |
| 200 |
Заглавие и сведения об ответственности |
1_ |
| a |
Заглавие |
Деньги, кредит, банки |
| e |
Сведения, относящиеся к заглавию |
учеб. |
| f |
Первые сведения об ответственности |
ред. О. И. Лаврушин |
| g |
Последующие сведения об ответственности |
Фин. ун-т при Прав-ве РФ |
| 205 |
Сведения об издании |
__ |
| a |
Основные сведения об издании |
13-е изд., стер. |
| 210 |
Выходные данные |
1_ |
| c |
Издательство |
КНОРУС |
| a |
Место издания |
Москва |
| d |
Дата издания |
2014 |
| 215 |
Физическое описание |
__ |
| a |
Объем |
448 с. |
| 225 |
Серия |
2_ |
| a |
Серия |
Бакалавриат |
| 300 |
Общие примечания |
__ |
| a |
Общие примечания |
гриф УМО |
| 610 |
Ключевые слова |
0_ |
| a |
Ключевые слова |
денежная система |
| 610 |
Ключевые слова |
0_ |
| a |
Ключевые слова |
кредитные деньги |
| 610 |
Ключевые слова |
0_ |
| a |
Ключевые слова |
неполноценные деньги |
| 610 |
Ключевые слова |
0_ |
| a |
Ключевые слова |
денежная масса |
| 610 |
Ключевые слова |
0_ |
| a |
Ключевые слова |
денежная эмиссия |
| 610 |
Ключевые слова |
0_ |
| a |
Ключевые слова |
денежный оборот |
| 610 |
Ключевые слова |
0_ |
| a |
Ключевые слова |
инфляция |
| 610 |
Ключевые слова |
0_ |
| a |
Ключевые слова |
денежные реформы |
| 610 |
Ключевые слова |
0_ |
| a |
Ключевые слова |
ссудный процент |
| 610 |
Ключевые слова |
0_ |
| a |
Ключевые слова |
кредитные отношения |
| 610 |
Ключевые слова |
0_ |
| a |
Ключевые слова |
банковская система |
| 610 |
Ключевые слова |
0_ |
| a |
Ключевые слова |
центральные банки |
| 610 |
Ключевые слова |
0_ |
| a |
Ключевые слова |
коммерческие банки |
| 610 |
Ключевые слова |
0_ |
| a |
Ключевые слова |
денежно-кредитное регулирование |
| 610 |
Ключевые слова |
0_ |
| a |
Ключевые слова |
денежно-кредитная политика |
| 610 |
Ключевые слова |
0_ |
| a |
Ключевые слова |
валютная система |
| 610 |
Ключевые слова |
0_ |
| a |
Ключевые слова |
международные расчеты |
| 610 |
Ключевые слова |
0_ |
| a |
Ключевые слова |
международные финансовые организации |
| 610 |
Ключевые слова |
0_ |
| a |
Ключевые слова |
гриф МО |
| 610 |
Ключевые слова |
0_ |
| a |
Ключевые слова |
деньги |
| 610 |
Ключевые слова |
0_ |
| a |
Ключевые слова |
учебник |
| 686 |
Индексы других классификаций |
__ |
| a |
Классификационный индекс |
65.9(2)26я73 |
| 2 |
Код системы |
rubbk |
| 701 |
Альтернативная интеллектуальная ответственность |
_1 |
| a |
Фамилия |
Лаврушин |
| b |
Имя |
О. И. |
| 701 |
Альтернативная интеллектуальная ответственность |
_1 |
| a |
Фамилия |
Зайцев |
| b |
Имя |
В. Б. |
| 701 |
Альтернативная интеллектуальная ответственность |
_1 |
| a |
Фамилия |
Александрова |
| b |
Имя |
Л. А. |
| 701 |
Альтернативная интеллектуальная ответственность |
_1 |
| a |
Фамилия |
Абрамова |
| b |
Имя |
М. А. |
| 702 |
Вторичная интеллектуальная ответственность |
_1 |
| u |
|
2 |
| a |
Фамилия |
Лаврушин |
| b |
Имя |
О. И. |
| 4 |
Код отношения |
340 |
| 711 |
Наименование организации. (Альтернативная ответственность) |
02 |
| a |
Организация/ юрисдикция |
Фин. ун-т при Прав-ве РФ |
| 801 |
Источник записи |
_0 |
| a |
Страна |
RU |
| b |
Организация |
РУК |
| c |
Дата составления |
20160217 |
| g |
Правила каталогизации |
PSBO |
| 801 |
Источник записи |
_1 |
| a |
Страна |
RU |
| b |
Организация |
РУК |
| g |
Правила каталогизации |
PSBO |
| 852 |
Данные о местонахождении |
__ |
| i |
Авторский знак |
Д 34 |
| j |
Шифр хранения |
ББК 65.9(2)26 |
| 901 |
Тип документа |
__ |
| t |
Тип документа |
m |
| 937 |
Технологическая информация |
__ |
| a |
Создатель записи (имя) |
Мясникова |
| 938 |
Служебная информация |
__ |
| a |
Название организации |
Головной вуз |
| 952 |
Тип литературы |
__ |
| b |
Гриф литературы для ВШ |
гриф МО |
| c |
Вид литературы |
учебник |